| 000 | 00837nam a2200277 4500 | ||
|---|---|---|---|
| 001 | 2030 | ||
| 010 | _a9789895831289 | ||
| 021 |
_aPT _b548456/25 |
||
| 090 | _a2030 | ||
| 100 | _a20260113d2025 b||y0pory50030103ba | ||
| 101 | _apor | ||
| 102 | _aPT | ||
| 200 |
_aObrigado, Snoopy! _ftexto Charles M. Schulz _gadapt. May Nakamura _gil. Scott Jeralds _gtrad. Luana Castro Azeredo |
||
| 205 | _a1ª edição | ||
| 210 |
_aLisboa _cNuvem de Letras _d2025 |
||
| 215 |
_a[30] p. _cil. _d24 cm |
||
| 300 | _aBMB-Registado | ||
| 304 | _aTít. orig.: Gobble up, Snoopy | ||
| 606 |
_9863 _aLiteratura Infantil |
||
| 675 |
_a087.5 _vBMB _zpor |
||
| 700 |
_aSchulz _bCharles _92905 _f1922-2000 |
||
| 701 |
_aNakamura _bMay _92906 _4010 |
||
| 702 |
_aJeralds _bScott _4440 _92907 |
||
| 702 |
_aAzeredo _bLuana Castro _4730 _92908 |
||
| 801 |
_aPT _bBMB _gRPC |
||
| 990 | _cLIVROS | ||